000 00568nam a22001577a 4500
020 _a 007107063X
082 _a175
100 _aPhilip Patterson
245 _aMedia ethics issues and cases
250 _a6th ed.
260 _aNew Delhi
_bMcGraw Hill
_c2010.
300 _a366p
942 _cBK
999 _c2778
_d2778